000 00680nam a22001937a 4500
005 20251108172003.0
008 250721s2002 xx 000 0 ara d
082 1 4 _aم/213.1/راز
100 1 _aالرازي، أبو محمد إبن أبي حاتم محمد بن أدريس الحنظلي
245 1 0 _aالجرح و التعديل /
264 1 _aبيروت :
_bدار الكتب العلمية،
_c2002.
300 _a10مج
500 _aالمجلد العاشر عبارة عن فهارس
650 1 7 _aالإسلام
650 1 7 _aالحديث الشريف
700 1 _aعطا، مصطفى عبد القادر
_eتحقيق
942 _2ddc
_cREF
999 _c67632
_d67632